| 000 | 00837nam a22002417a 4500 | ||
|---|---|---|---|
| 005 | 20240530110354.0 | ||
| 008 | 141231s2009 ua | b 000 0 ara d | ||
| 017 |
_a17283 _bمصر . دار الكتب المصرية |
||
| 020 | _a9770525728 | ||
| 040 | _aEG-CaGPL | ||
| 041 | 0 | _aara | |
| 082 | 0 | 4 |
_221 _a361.4\ _bط ر |
| 100 | 0 | _aطلعت مصطفى السروجى | |
| 245 | 1 | 0 |
_aراس المال الاجتماعى / _cتاليف طلعت مصطفى السروجى |
| 250 | _aط1 | ||
| 260 |
_aالقاهرة : _bمكتبة الانجلو المصرية ، _c2009 |
||
| 300 |
_a284 ص ؛ _c24 سم |
||
| 504 | _aيشتمل على ارجاعات ببليوجرافية | ||
| 650 | 0 | 4 | _aراس المال |
| 650 | 0 | 4 | _aراس المال الاجتماعى |
| 942 |
_2ddc _cBK |
||
| 999 |
_c60135 _d60135 |
||